| 000 | 01616nam a2200253Ii 4500 | ||
|---|---|---|---|
| 008 | 221202s xx 000 0 und d | ||
| 100 | 1 |
_aMueller, Wolfgang, _eauthor |
|
| 245 | 2 | _aA Good Example of Peaceful Coexistence? | |
| 246 | _aThe Soviet Union, Austria, and Neutrality, 1955-1991 | ||
| 264 |
_bVerlag der sterreichischen Akademie der Wissenschaften _c2011 |
||
| 300 | _a1 online resource | ||
| 336 |
_atext _btxt _2rdacontent |
||
| 337 |
_acomputer _bc _2rdamedia |
||
| 338 |
_aonline resource _bcr _2rdacarrier |
||
| 490 | _aZentraleuropa-Studien | ||
| 520 | _aThis monograph, based on newly declassified sources from Western and Russian archives as well as on communist texts about international law and neutrality, is the first English-language account of Soviet policy towards neutral yet capitalist Austria during the Cold War. In order to make neutrality a model for the West, the Kremlin presented the unique Soviet-Austrian relationship as a good example of peaceful coexistence and a showcase for the benefits a Western state might reap by declaring neutrality. This honor, however, had strings attached: The communist doctrine of neutrality contained obligations that were expected to make it possible to exploit neutral states as instruments of Soviet policy and bring them nearer the socialist bloc. | ||
| 653 | _aAustria | ||
| 653 | _aEuropean Economic Community | ||
| 653 | _aHistory | ||
| 653 | _aMoscow | ||
| 653 | _aNeutral Country | ||
| 856 | _uhttps://library.oapen.org/bitstream/20.500.12657/45622/1/642692.pdfhttp://library.oapen.org/handle/20.500.12657/30810 | ||
| 942 | _cE-BOOK | ||
| 999 |
_c60268 _d60268 |
||